Same First Name Quiz Stats

 Plays Quiz Updated May 25, 2016

Also try: Same Name Trios
Challenge
Share
Tweet
Score 0/20 Timer 05:00
0 Plays Today
% Correct
Springsteen
90%
Curie
84.4%
Cobain
78.1%
Putin
73.8%
Blair
67.4%
Madoff
67.1%
Einstein
58.7%
Khayyam
58.1%
Pasteur
53.9%
Braxton
53.4%
% Correct
Milton
52.2%
Sinatra
45.7%
Maradona
44.8%
Nader
38.7%
Goodall
38.6%
Fermi
36.8%
Ali
36.8%
Mathers
24.1%
DeGeneres
18.2%
Martin
10.8%

You're not logged in!

Compare scores with friends on all Sporcle quizzes.
OR
Log In

You Might Also Like...

Show Comments

Extras

Top Quizzes Today


Score Distribution

Your Account Isn't Verified!

In order to create a playlist on Sporcle, you need to verify the email address you used during registration. Go to your Sporcle Settings to finish the process.

Report this User

Report this user for behavior that violates our Community Guidelines.

Details: